| 000 | 00499cam a22001577a 4500 | ||
|---|---|---|---|
| 008 | 180718b2013 xxu||||| |||| 00| 0 eng d | ||
| 020 | _a0199450358 | ||
| 082 | _aB813x54 T465 | ||
| 100 | _aTillin, Louise | ||
| 245 |
_aRemapping India:New states and their political origins _cBy Louise Tillin |
||
| 260 |
_aNew Delhi _bOxford _c2013 |
||
| 300 | _a268p. | ||
| 650 | _aIndia -- Social conditions -- 1947- | ||
| 650 | _aIndia -- Boundaries | ||
| 650 | _aIndia -- Administrative and political divisions | ||
| 999 |
_c443604 _d443604 |
||